| 000 | 01201nam a22003137a 4500 | ||
|---|---|---|---|
| 001 | 10130 | ||
| 003 | FISKH | ||
| 005 | 20260428100225.0 | ||
| 008 | 260423b cb ||||| |||| 00| 0 eng d | ||
| 020 | _a9780462004563 | ||
| 040 |
_aFISKH _beng _cFISKH _dFISKH |
||
| 050 | _aPZ7 | ||
| 082 | _a823.92 | ||
| 100 |
_aGreen, John _eAuthor |
||
| 245 |
_aThe scarecrow / _cWritten by John Green ; Illustrated by Brooke Worthington |
||
| 250 | _aFirst published 2008 | ||
| 260 |
_aLondon : _bMarshall Cavendish Limited , _c2008 |
||
| 300 |
_a16 pages : _bcolor illustrations ; _c16 X 19 cm |
||
| 490 |
_aMy Pals Are Here ! Reading Stars : _v2b |
||
| 505 | _aG | ||
| 520 | _aA scarecrow stands in a field watching over crops. As time passes, it experiences different moments—such as changes in weather or visits from animals. Though it may seem lonely at times, the scarecrow plays an important role in protecting the field and becomes part of the farm’s daily life. | ||
| 521 | 8 |
_a350
_bLexile estimate |
|
| 521 | 8 |
_aG
_bRaz-Plus |
|
| 650 |
_vScarecrow _2Farm |
||
| 650 |
_2Field _aNature |
||
| 700 |
_aWorthington, Brooke _eIllustrator |
||
| 942 |
_2ddc _cBK _n0 |
||
| 999 |
_c10130 _d10130 |
||